Instrumentos internacionales para la prevención y sanción de la tortura /
Guardado en:
| Autor Corporativo: | |
|---|---|
| Formato: | Libro |
| Idioma: | Spanish |
| Publicado: |
Buenos Aires :
CEJIL,
2006
|
| Edición: | 1a. ed. |
| Materias: | |
| Etiquetas: |
Agregar Etiqueta
Sin Etiquetas, Sea el primero en etiquetar este registro!
|
| LEADER | 00526nam a22001455a 4500 | ||
|---|---|---|---|
| 001 | DER.der012274 | ||
| 008 | 180615s2006####ag#||||||||||||||#||spa|| | ||
| 005 | 20250609150720.0 | ||
| 245 | 1 | 0 | |a Instrumentos internacionales para la prevención y sanción de la tortura / |c Centro por la justicia y el derecho internacional. |
| 250 | |a 1a. ed. | ||
| 260 | |a Buenos Aires : |b CEJIL, |c 2006 | ||
| 300 | |a 261 p. | ||
| 110 | 2 | |a Centro por la justicia y el derecho internacional. | |
| 650 | 7 | |a DERECHOS HUMANOS | |
| 859 | |a DERECHO |b BIB. DERECHO |h 323 |i CEN |p 007014 | ||
